000
00209nam a22000857a 4500
008
161206b xxu||||| |||| 00| 0 eng d
100
_9
1840
_a
Riordan.J
245
_a
Morgan and his Friends
260
_a
Moscow
_b
Radussa
999
_c
4586
_d
4586